| 000 | 00414nam a2200145Ia 4500 | ||
|---|---|---|---|
| 008 | 211109s9999||||xx |||||||||||||| ||und|| | ||
| 082 |
_a894.8121 _bTHO-G |
||
| 100 | _aThottam, Mary John | ||
| 245 | 0 | _aGeetha Vali | |
| 260 |
_bNATIONAL BOOKSTALL _aKottayam _c1900 |
||
| 300 | _a120p. | ||
| 630 | _xGeneral Stack | ||
| 650 |
_aMalayalam literature _vMalayalam poetryLiterature & rhetoric _xGeneralia |
||
| 942 | _cBOOK | ||
| 999 |
_c35628 _d35628 |
||